Formel 1 Podium 1972 - Statistiken

Allgemein
  • Dieses Quiz wurde 45 mal gespielt
  • Das Durchschnittsergebnis liegt bei 6 aus 11
Antwortstatistiken
Antwort % Korrekt
Jackie Stewart
96%
Emerson Fittipaldi
89%
Clay Regazzoni
74%
Denny Hulme
70%
Jacky Ickx
70%
Ronnie Peterson
59%
Francois Cevert
56%
Peter Revson
41%
Jean-Pierre Beltoise
37%
Chris Amon
26%
Mike Hailwood
7%
Keine übereinstimmenden Quizze gefunden
Verteilung der Resultate
Anzahl Personen mit jedem Resultat
Perzentil nach korrekt beantworteten Fragen
Ihre Resultats-Entwicklung
Sie haben dieses Quiz noch nicht gespielt